000 002580000a22000970004500
100 1 _aQuijada, Dorothy F.
245 1 0 _aShort stories from Peru
300 _aVol. 84, Num. 1 (Marzo-Junio, 2004), Páginas 8-9
773 0 _tLatin America Evangelist
942 _cANA
999 _c55186
_d55186